Statistics for Which Countries Does Border....

Click here to take the quiz!

General Stats

  • This quiz has been taken 122 times
    (112 since last reset)
  • The average score is 74 of 94

Answer Stats

QuestionTileSelect% Correct
SpainNetherlandsNo
97%
SpainFranceYes
95%
SpainItalyNo
95%
SpainPortugalYes
95%
PeruPanamaNo
94%
SpainAlgeriaNo
92%
Saudi ArabiaOmanYes
92%
AustriaGermanyYes
91%
Saudi ArabiaLebanonNo
91%
SpainMonacoNo
91%
ThailandMyanmarYes
91%
AfghanistanPakistanYes
90%
Saudi ArabiaUnited Arab EmiratesYes
90%
SpainAndorraYes
89%
ThailandCambodiaYes
89%
AustriaSwitzerlandYes
89%
Saudi ArabiaYemenYes
89%
PeruChileYes
88%
PeruEcuadorYes
88%
PeruParaguayNo
88%
PeruVenezuelaNo
88%
Ivory CoastBeninNo
86%
AustriaCroatiaNo
86%
Saudi ArabiaQatarYes
86%
Ivory CoastBurkina FasoYes
85%
RussiaFinlandYes
85%
AfghanistanIranYes
85%
Saudi ArabiaKuwaitYes
85%
Democratic Republic of the CongoRepublic of the CongoYes
85%
PeruBoliviaYes
84%
GuatemalaCosta RicaNo
84%
ThailandLaosYes
84%
RussiaTurkeyNo
84%
RussiaChinaYes
83%
AfghanistanIndiaNo
83%
AfghanistanKazakhstanNo
83%
Ivory CoastTogoNo
83%
RussiaUkraineYes
83%
RussiaEstoniaYes
82%
Saudi ArabiaIsraelNo
82%
RussiaMongoliaYes
82%
Ivory CoastGhanaYes
81%
Saudi ArabiaIranNo
81%
Ivory CoastNigerNo
81%
PeruBrazilYes
80%
Democratic Republic of the CongoCentral African RepublicYes
80%
GuatemalaHondurasYes
80%
RussiaKazakhstanYes
80%
GuatemalaMexicoYes
80%
PeruArgentinaNo
79%
RussiaBelarusYes
79%
ThailandVietnamNo
79%
ThailandChinaNo
78%
PeruColombiaYes
78%
Saudi ArabiaEgyptNo
78%
AustriaHungaryYes
78%
Saudi ArabiaIraqYes
77%
AustriaItalyYes
77%
RussiaLithuaniaYes
77%
ThailandMalaysiaYes
77%
Saudi ArabiaSyriaNo
77%
GuatemalaBelizeYes
75%
AustriaCzech RepublicYes
75%
Ivory CoastLiberiaYes
75%
RussiaGeorgiaYes
74%
Saudi ArabiaJordanYes
74%
RussiaLatviaYes
74%
AustriaLiechtensteinYes
74%
AfghanistanTurkmenistanYes
74%
RussiaNorth KoreaYes
73%
RussiaNorwayYes
73%
Democratic Republic of the CongoRwandaYes
73%
RussiaArmeniaNo
72%
GuatemalaEl SalvadorYes
71%
AfghanistanKyrgyzstanNo
71%
GuatemalaNicaraguaNo
71%
RussiaPolandYes
71%
Democratic Republic of the CongoAngolaYes
70%
Democratic Republic of the CongoBurundiYes
69%
AfghanistanChinaYes
69%
Ivory CoastSierra LeoneNo
69%
Democratic Republic of the CongoZambiaYes
69%
AustriaSloveniaYes
68%
RussiaAzerbaijanYes
67%
AfghanistanTajikistanYes
65%
SpainMoroccoYes
64%
AustriaSlovakiaYes
61%
Democratic Republic of the CongoUgandaYes
60%
Ivory CoastMaliYes
58%
Democratic Republic of the CongoSouth SudanYes
57%
Democratic Republic of the CongoTanzaniaYes
55%
Ivory CoastGuineaYes
54%
SpainUnited KingdomYes
51%
AfghanistanUzbekistanYes
45%

Score Distribution

Percentile by Number Answered

Percent of People with Each Score

Your Score History

You have not taken this quiz since the last reset